Havarijné poistenie na SR a v zahraničí - trh konkurencie diplomová práca

Salvato in:
Dettagli Bibliografici
Autore principale: Štreicherová, Jana
Ente Autore: Národohospodárska fakulta EU. Katedra poisťovníctva
Altri autori: Drugdová, Barbora
Natura: Libro
Lingua:slovacco
Pubblicazione: Bratislava 2010
Tags: Aggiungi Tag
Nessun Tag, puoi essere il primo ad aggiungerne!!

MARC

LEADER 00000nam$a2200000$$$4500
001 0118423
005 20240318122211.9
041 0 |a slo 
044 |a SK 
245 1 0 |a Havarijné poistenie na SR a v zahraničí - trh konkurencie  |b diplomová práca  |c Jana Štreicherová ; škol. Barbora Drugdová 
264 1 |a Bratislava  |c 2010 
300 |a 69 s. 
100 1 |a Štreicherová, Jana 
700 1 |a Drugdová, Barbora 
710 2 |a Národohospodárska fakulta EU. Katedra poisťovníctva